Simon Farnaby Filmography - Statistics

General Stats
  • This quiz has been taken 5 times
  • The average score is 3 of 16
Answer Stats
Hint Answer % Correct
2014 Paddington
60%
2015 Bill
40%
2017 Paddington 2
40%
2013 All Stars
20%
2009 Bunny and the Bull
20%
2010 Burke and Hare
20%
2018 Christopher Robin
20%
2004 Fat Slags
20%
2016 Mindhorn
20%
2016 Rogue One: A Star Wars Story
20%
2021 The Phantom of the Open
20%
2007 The Yellow House
20%
2023 Wonka
20%
2009 LifeSpam: My Child Is French
0%
2022 Pinocchio
0%
2011 Your Highness
0%
No matching quizzes found
Score Distribution
Percent of People with Each Score
Percentile by Number Answered
Your Score History
You have not taken this quiz